Countries at 60°W Longitude - Statistics

General Stats
  • This quiz has been taken 22 times
  • The average score is 6 of 7
Answer Stats
Country % Correct
Canada
100%
Argentina
95%
Brazil
95%
Guyana
90%
Venezuela
90%
Bolivia
85%
Paraguay
80%
No matching quizzes found
Score Distribution
Percent of People with Each Score
Percentile by Number Answered
Your Score History
You have not taken this quiz